00679 a2200193 4500010001400000020002300014035001300037037001800050082000800068100002500076245008600101260006800187260005100255300003100306500005000337650002600387650002700413710004500440 aENG-86305 a8172149026c150.00 aEN-69838 bD.B.Act / Pub14a2151 aPerumalil, Augustine1 aCritical issues in the philosophy of science and religioncby Augustine Perumalil aDelhibIndian Society for Promoting Christian Knowledge,c2006. bIndian Institute of Science and ReligionaPune axii, 198 p. ;c22 cm. (Hb) aIncludes bibliographical references and index 0aPhilosophy of science 0aPhilosophy of religion aIndian Institute of Science and Religion